Import policy order 2009-2012.
| Corporate Author: | |
|---|---|
| Format: | Book |
| Published: |
[S.l]:
Ministry of Commerce,
[1999].
|
| Subjects: |
| LEADER | 00490cam a2200157 7i4500 | ||
|---|---|---|---|
| 001 | 0000026905 | ||
| 005 | 20110926090000.0 | ||
| 090 | 0 | 0 | |a BANG 343.087 |b MIN |
| 110 | 2 | 0 | |a Ministry of Commerce |
| 245 | 0 | 0 | |a Import policy order 2009-2012. |
| 260 | 0 | 0 | |a [S.l]: |b Ministry of Commerce, |c [1999]. |
| 300 | # | # | |a 92p. |
| 650 | 0 | 0 | |a Imports -- |x Law and legislation -- |z Bangladesh |
| 650 | 0 | 0 | |a Imports policy -- |z Bangladesh |
| 651 | 0 | 0 | |a Bangladesh |
| 999 | |a 0000029074 |b Book |c Countries |e Business Information Centre | ||